000 00289 a2200109 4500
020 _a9780740719073
041 _aeng
100 _aNeedham, Robert
245 _aTeam secrets of the Navy SEALs : the elite military force's leadership principles for business
942 _cBK
999 _c18793
_d18793
999 _d18793